000 00275nam a2200121Ia 4500
008 190216s9999||||xx |||||||||||||| ||und||
100 _aNull
245 0 _aHindi-Punarmoolyakan Ke Sidhanth
260 _bPragathi Prakashan
300 _a95
650 _aHindi
942 _cBK
999 _c15665
_d15665